| 000 | 00819cab a2200289 4500 | ||
|---|---|---|---|
| 001 | ABS53849 | ||
| 008 | 090401t1995 xxu||||| |||| 00| 0 eng d | ||
| 035 | _a(Sirsi) u6895 | ||
| 041 | _aeng | ||
| 100 | _aWainwright, S. | ||
| 245 | _aSelling land subject to clawback | ||
| 260 | _c1995 | ||
| 350 | _a0 | ||
| 490 |
_aProperty Review _v5(8) October 1995, 239-243(5) |
||
| 520 | _aDefines clawback; describes techniques, looks at taxation implications and public sector considerations. | ||
| 650 | _aCAPITAL GAINS | ||
| 650 | _aCLAWBACK METHODS | ||
| 650 | _aCONDITIONAL CONTRACTS | ||
| 650 | _aLAND SALES | ||
| 650 | _aOPTIONS | ||
| 650 | _aPOSITIVE COVENANTS | ||
| 650 | _aRESTRICTIVE COVENANTS | ||
| 650 | _aTAX ISSUES | ||
| 690 | _aPROPERTY LAW AND PRACTICE | ||
| 942 | _n0 | ||
| 948 | _c04/03/1997 | ||
| 999 |
_c4102 _d4102 |
||